Statistics for City to Country #2

Click here to take the quiz!

General Stats

  • This quiz has been taken 27 times
  • The average score is 3 of 15

Answer Stats

CityCountry% Correct
Montego BayJamaica
48%
FlorianópolisBrazil
43%
Benin CityNigeria
33%
PulaCroatia
29%
BendigoAustralia
24%
SeogwipoSouth Korea
24%
Ciudad GuayanaVenezuela
24%
Sidi Bel AbbèsAlgeria
19%
TornioFinland
14%
SliemaMalta
10%
ChebCzech Republic
5%
AtyrauKazakhstan
5%
BluefieldsNicaragua
5%
Mo i RanaNorway
5%
LaePapua New Guinea
0%

Score Distribution

Percentile by Number Answered

Percent of People with Each Score

Your Score History

You have not taken this quiz